00758nam a2200253 i 4500001001000000003000900010005001700019007000300036008004100039040003000080041000800110082002900118100004900147245004300196250002100239264003800260300002800298336002700326337003300353338002800386500004200414650002200456650002600478000038863DO-SdBNP20251027144943.0ta130430s1989 dr 000 0 spa d aDO-SdBNPbspacBNPHUerda aspa 4aRD863.44bB171c 19892221 aBalaguer, Joaquín,d1906-2002eautor4aut.14aLos carpinteros /cJoaquín Balaguer. aOctava edición 1aSanto Domingo :bCorripio,c1989. a431 páginas ;c24 cm. atextobtxt2rdacontent ardamediabsin mediación2n avolumenbnc2rdacarrier aIncluye notas al pie de las páginas 4aNovela dominicana 4aLiteratura dominicana